00000000nam 2200000zi 4500
0019.951326
003CaOODSP
00520250530135426
006m     o  d f      
007cr mn|||||||||
008250523s1994    oncbo   o    f000 0 eng d
040 |aCaOODSP|beng|erda|cCaOODSP
043 |an-cn-on
0861 |aA52-328/1994E-PDF
24500|aCanadian clonal genebank : |bPest Management Research Centre, Trenton, Ontario.
264 1|aTrenton, Ontario : |bAgriculture and Agri-Food Canada, Research Branch, |c[1994?]
300 |a1 online resource (8 unnumbered pages) : |bmaps, photographs
336 |atext|btxt|2rdacontent
337 |acomputer|bc|2rdamedia
338 |aonline resource|bcr|2rdacarrier
500 |aCover title.
500 |aDigitized edition from print [provided by Agriculture and Agri-Food Canada].
500 |aIssued also in French under title: Banque canadienne de clones : Centre de recherches sur la lutte antiparasitaire, Trenton (Ontario).
520 |a"The mandate of the Canadian Clonal Genebank is to protect and preserve the genetic diversity of Canadian fruit crops and their wild relatives. This is accomplished by acquiring, maintaining, evaluating, researching and documenting plant genetic resources in order to provide the fundamental genetic building blocks for crop variety development and plant genetic studies nationally and internationally"--Mandate, page [4].
650 0|aFruit|zCanada|xGenetics.
650 0|aResearch institutes|zOntario|zTrenton.
7101 |aCanada. |bAgriculture and Agri-Food Canada. |bResearch Branch, |eissuing body.
77508|tBanque canadienne de clones : |w(CaOODSP)9.951328
85640|qPDF|s8.17 MB|uhttps://publications.gc.ca/collections/collection_2025/aac-aafc/A52-328-1994-eng.pdf